000 00731cab a22002055a 4500
001 L157452
008 121206e20121013xxk 000 0 eng d
035 _a(Sirsi) u157452
041 0 _aeng
100 1 _aDonnell, Richard
245 0 0 _aFocus
_bResidential
260 _c2012
490 _aEstates Gazette
_v(1241) 13 October 2012, 73-87(12)
520 _aIncludes information on build to rent, Garden Cities, a review of the Localism Act 2011 and Olympic legacy homes. Also comments on the government's choice of the Office of National Statistics to be Britain's official house price index.
590 _aKA
651 4 _aUnited Kingdom
690 _aResidential property
_96266
700 1 _aNorwood, Graham
942 _n0
999 _c84391
_d84391